Colors (Basic) - Statistics

General Stats
  • This quiz has been taken 26 times
  • The average score is 13 of 18
Answer Stats
Col % Correct
Black
100%
Blue
100%
Green
100%
Orange
100%
Purple
100%
Red
100%
White
100%
Yellow
100%
Pink
91%
Brown
87%
Gray
74%
Cyan
43%
Magenta
39%
Navy
35%
Lime
22%
Maroon
22%
Olive
22%
Tan
22%
No matching quizzes found
Score Distribution
Percent of People with Each Score
Percentile by Number Answered
Your Score History
You have not taken this quiz